Nová pravidla obchodu. 3 Dohoda o ochranných opatřeních

Dočasné ochranné opatrenia (čl.6). Trvanie preskúmania ochranných opatrení. Zachovanie úrovne koncesií a iných záväzkov (čl.8). Rozvojové členské krajiny (čl.9). Doposiaľ existujúce opatrenia podľa č.XIX (čl.10).

Salvato in:
Dettagli Bibliografici
Autore principale: Jung, Z.
Natura: Capitolo di libro
Lingua:ceco
Soggetti:
Tags: Aggiungi Tag
Nessun Tag, puoi essere il primo ad aggiungerne!!

MARC

LEADER 00000naa a2200000 4500
001 r017689
005 20221208131228.8
041 0 |a cze 
044 |a CZ 
245 1 0 |a Nová pravidla obchodu. 3  |b Dohoda o ochranných opatřeních  |c Z. Jung 
520 |a Dočasné ochranné opatrenia (čl.6). Trvanie preskúmania ochranných opatrení. Zachovanie úrovne koncesií a iných záväzkov (čl.8). Rozvojové členské krajiny (čl.9). Doposiaľ existujúce opatrenia podľa č.XIX (čl.10). 
610 2 0 |a obchod zahraničný 
610 2 0 |a politika colná 
610 2 0 |a Česko 
610 2 0 |a kvóty 
610 2 0 |a GATT 
610 2 0 |a dohody obchodné 
610 2 0 |a opatrenia 
610 2 0 |a regulácia trhu 
100 1 |a Jung, Z.